| Tag |
First Indicator |
Second Indicator |
Subfields |
| LEADER |
00000cam a2200000 4500 |
| 001 |
in00001494713 |
| 005 |
20151021081930.0 |
| 008 |
990513s1953 sw ae 000 0 swe c |
| 010 |
|
|
|a a 54007346
|
| 035 |
|
|
|a (OCoLC)41360421
|
| 035 |
|
|
|9 AJJ4010AM
|
| 040 |
|
|
|a Princeton Univ. Libr.
|c PUL
|d TXA
|d UtOrBLW
|
| 049 |
|
|
|a TXAM
|
| 090 |
|
|
|a DF275
|b .H65 1953
|
| 100 |
1 |
|
|a Holmberg, Erik John,
|d 1907-
|
| 245 |
1 |
0 |
|a Aten och Delfi.
|
| 264 |
|
1 |
|a [Lund] :
|b Gleerup,
|c [1953]
|
| 300 |
|
|
|a 163 pages :
|b illustrations, plans. ;
|c 24 cm.
|
| 336 |
|
|
|a text
|b txt
|2 rdacontent
|
| 337 |
|
|
|a unmediated
|b n
|2 rdamedia
|
| 338 |
|
|
|a volume
|b nc
|2 rdacarrier
|
| 651 |
|
0 |
|a Athens (Greece)
|x Description and travel.
|
| 651 |
|
0 |
|a Athens (Greece)
|x Antiquities.
|
| 651 |
|
0 |
|a Delphoi (Greece)
|x Description and travel.
|
| 651 |
|
0 |
|a Delphoi (Greece)
|x Antiquities.
|
| 948 |
|
|
|a c:jls
|
| 999 |
|
|
|a MARS
|
| 999 |
f |
f |
|s 77fc4096-2e51-380f-9b22-b8fa05402d96
|i a88c7471-b266-3328-b381-e6c9589c8dec
|t 0
|
| 952 |
f |
f |
|p noncirc
|a Texas A&M University
|b College Station
|c Sterling C. Evans Library
|d Bodrum (located in Turkey)
|t 0
|e DF275 .H65 1953
|h Library of Congress classification
|i unmediated -- volume
|
| 998 |
f |
f |
|a DF275 .H65 1953
|t 0
|l Bodrum (located in Turkey)
|